[Event "Mitropa Cup 04th"]
[Site "Bern"]
[Date "1979.10.09"]
[Round "3.2"]
[White "Roos, Daniel"]
[Black "Borik, Otto"]
[Result "1-0"]
[WhiteElo "2250"]
[BlackElo "2395"]
[PlyCount "93"]
[EventDate "1979.10.07"]
[EventType "team-tourn"]
[EventRounds "7"]
[EventCountry "SUI"]
[Source "ChessBase"]
[SourceDate "2003.11.25"]
[WhiteTeam "France"]
[BlackTeam "Germany"]
[WhiteTeamCountry "FRA"]
[BlackTeamCountry "GER"]

1. e4 e6 2. d4 d5 3. Nd2 Nf6 4. e5 Nfd7 5. f4 c5 6. c3 Nc6 7. Ndf3 cxd4 8. cxd4
Nb6 9. g4 Bd7 10. Bd3 Rc8 11. a3 Na5 12. b3 h5 13. gxh5 Rxh5 14. Ne2 g6 15. Bd2
Nc6 16. Ng3 Rh3 17. Kf2 Bh6 18. Kg2 Rh4 19. Ne2 Rh5 20. h4 Bg7 21. Ng3 Rh8 22.
h5 gxh5 23. Nxh5 Kf8 24. Nxg7 Kxg7 25. Kf2 f5 26. Qg1+ Kf7 27. Qg3 Qg8 28. Ng5+
Ke7 29. Be2 a5 30. Qd3 Ra8 31. Qb5 Nc8 32. Qc5+ Ke8 33. Bh5+ Kd8 34. Nf7+ Kc7
35. Rag1 Rxh5 36. Rxg8 Rxh1 37. Ng5 Rh2+ 38. Ke3 b6 39. Qf8 Rb8 40. Qf7 N8e7
41. Rxb8 Kxb8 42. b4 b5 43. bxa5 Bc8 44. Bb4 Nxb4 45. axb4 Nc6 46. Nxe6 Rh3+
47. Kf2 1-0

[Event "Mitropa Cup 04th"]
[Site "Bern"]
[Date "1979.10.09"]
[Round "3.3"]
[White "Hess, Ralf"]
[Black "Meinsohn, Pierre"]
[Result "1-0"]
[WhiteElo "2335"]
[BlackElo "2290"]
[PlyCount "74"]
[EventDate "1979.10.07"]
[EventType "team-tourn"]
[EventRounds "7"]
[EventCountry "SUI"]
[Source "ChessBase"]
[SourceDate "2003.11.25"]
[WhiteTeam "Germany"]
[BlackTeam "France"]
[WhiteTeamCountry "GER"]
[BlackTeamCountry "FRA"]

1. c4 c5 2. Nc3 e6 3. Nf3 d5 4. cxd5 exd5 5. d4 Nc6 6. g3 Nf6 7. Bg2 Be7 8. O-O
O-O 9. b3 Ne4 10. Na4 cxd4 11. Bb2 b5 12. Rc1 Qd7 13. Rxc6 Qxc6 14. Nxd4 Qb7
15. Nc3 Nxc3 16. Bxc3 b4 17. Bb2 Bf6 18. Qd3 Qa6 19. Qd2 Be6 20. Rd1 Rac8 21.
h3 Bxd4 22. Bxd4 f6 23. g4 Rc7 24. Bf3 Qb7 25. h4 Qc8 26. g5 fxg5 27. Qxg5 Rf5
28. Qg3 Re7 29. Qd6 Qc7 30. Qxb4 Rf4 31. h5 Bf7 32. Qd2 Rh4 33. Qg5 Qh2+ 34.
Kf1 Qh3+ 35. Ke1 Rxd4 36. Qxe7 Rxd1+ 37. Kxd1 Qc8 {time} 1-0

[Event "Mitropa Cup 04th"]
[Site "Bern"]
[Date "1979.10.10"]
[Round "4.1"]
[White "Sellos, Didier"]
[Black "Hoelzl, Franz"]
[Result "0-1"]
[WhiteElo "2360"]
[BlackElo "2425"]
[PlyCount "98"]
[EventDate "1979.10.07"]
[EventType "team-tourn"]
[EventRounds "7"]
[EventCountry "SUI"]
[Source "ChessBase"]
[SourceDate "2003.11.25"]
[WhiteTeam "France"]
[BlackTeam "Austria"]
[WhiteTeamCountry "FRA"]
[BlackTeamCountry "AUT"]

1. e4 c5 2. c3 d5 3. exd5 Qxd5 4. d4 Nf6 5. Nf3 e6 6. Be2 Nc6 7. O-O Be7 8. Na3
O-O 9. Nc2 b6 10. dxc5 bxc5 11. c4 Qd8 12. Qxd8 Rxd8 13. Bf4 Bb7 14. Rad1 a5
15. Rxd8+ Bxd8 16. Rd1 Nb4 17. Nxb4 axb4 18. a4 bxa3 19. bxa3 Be7 20. Rd3 Be4
21. Rb3 Bc2 22. Rb2 Bg6 23. h3 Ne8 24. Ne5 Bd6 25. Rb3 Bc2 26. Rc3 Be4 27. f3
Bb1 28. Bd3 Rb8 29. Nd7 Rb7 30. Bxd6 Rxd7 31. Bxb1 Nxd6 32. Rb3 Kf8 33. Bd3 Ra7
34. Kf2 Ke7 35. Ke2 Ra4 36. Rc3 g5 37. Kd2 h5 38. Kc2 Kf6 39. Kd2 Ke5 40. Kc2
Ra7 41. Kb3 Kd4 42. Kc2 h4 43. Be2 Nf5 44. Rd3+ Ke5 45. Bd1 Kf4 46. Kd2 Kg3 47.
f4+ Kxf4 48. a4 Nd4 49. Ra3 f5 0-1

[Event "Mitropa Cup 04th"]
[Site "Bern"]
[Date "1979.10.10"]
[Round "4.3"]
[White "Meinsohn, Pierre"]
[Black "Wittmann, Walter"]
[Result "0-1"]
[WhiteElo "2290"]
[BlackElo "2360"]
[PlyCount "76"]
[EventDate "1979.10.07"]
[EventType "team-tourn"]
[EventRounds "7"]
[EventCountry "SUI"]
[Source "ChessBase"]
[SourceDate "2003.11.25"]
[WhiteTeam "France"]
[BlackTeam "Austria"]
[WhiteTeamCountry "FRA"]
[BlackTeamCountry "AUT"]

1. d4 Nf6 2. c4 g6 3. Nc3 d5 4. cxd5 Nxd5 5. e4 Nxc3 6. bxc3 Bg7 7. Nf3 c5 8.
Be2 O-O 9. O-O Bg4 10. Be3 Qa5 11. Qb3 cxd4 12. cxd4 Nc6 13. Rad1 Qb4 14. h3
Bxf3 15. Bxf3 Qxb3 16. axb3 Rfd8 17. d5 Na5 18. Rd3 b6 19. Re1 Rac8 20. Bd2 Nc6
21. Bd1 e6 22. f4 exd5 23. Rxd5 Ne7 24. Rxd8+ Rxd8 25. Re2 Nc6 26. Kh2 Bf8 27.
g3 Bc5 28. Rg2 a5 29. b4 axb4 30. Bb3 Rd3 31. Bc4 Ra3 32. Bc1 Rc3 33. Bd5 Rxc1
34. Bxc6 b3 35. Bd5 Rc3 36. Kh1 Bd4 37. Re2 Rc1+ 38. Kg2 b2 0-1

[Event "Mitropa Cup 04th"]
[Site "Bern"]
[Date "1979.10.10"]
[Round "4.1"]
[White "Nikolac, Juraj"]
[Black "Gerusel, Mathias"]
[Result "1-0"]
[WhiteElo "2450"]
[BlackElo "2425"]
[PlyCount "75"]
[EventDate "1979.10.07"]
[EventType "team-tourn"]
[EventRounds "7"]
[EventCountry "SUI"]
[Source "ChessBase"]
[SourceDate "2003.11.25"]
[WhiteTeam "Yugoslavia"]
[BlackTeam "Germany"]
[WhiteTeamCountry "YUG"]
[BlackTeamCountry "GER"]

1. Nf3 d5 2. g3 Nf6 3. Bg2 Bg4 4. b3 e6 5. Bb2 Be7 6. d3 O-O 7. Nbd2 c5 8. O-O
Nc6 9. h3 Bh5 10. g4 Bg6 11. Nh4 Bd6 12. e3 Ne8 13. Nxg6 fxg6 14. Qe2 Bc7 15.
f4 Qd6 16. Nf3 Nf6 17. Ne5 Nd7 18. Nxd7 Qxd7 19. Rf2 g5 20. Raf1 Qd6 21. Bh1 h6
22. Rf3 gxf4 23. exf4 Rae8 24. h4 d4 25. Bc1 Nb4 26. a3 Nd5 27. Qe4 Qe7 28. g5
Nc3 29. Qe1 Qf7 30. Rg3 Qh5 31. Bf3 Qxh4 32. gxh6 Qxh6 33. Kg2 Bxf4 34. Rh1
Bxg3 35. Qxg3 Qf6 36. Bh5 Rd8 37. Bg6 Nd5 $4 38. Rh8+ 1-0

[Event "Mitropa Cup 04th"]
[Site "Bern"]
[Date "1979.10.10"]
[Round "4.2"]
[White "Borik, Otto"]
[Black "Raicevic, Vladimir"]
[Result "0-1"]
[WhiteElo "2395"]
[BlackElo "2440"]
[PlyCount "82"]
[EventDate "1979.10.07"]
[EventType "team-tourn"]
[EventRounds "7"]
[EventCountry "SUI"]
[Source "ChessBase"]
[SourceDate "2003.11.25"]
[WhiteTeam "Germany"]
[BlackTeam "Yugoslavia"]
[WhiteTeamCountry "GER"]
[BlackTeamCountry "YUG"]

1. e4 e6 2. d4 d5 3. Nd2 a6 4. Ngf3 c5 5. exd5 exd5 6. dxc5 Bxc5 7. Nb3 Bd6 8.
Bg5 Ne7 9. Be2 O-O 10. O-O Nbc6 11. Re1 h6 12. Bh4 Qb6 13. Bg3 Bxg3 14. hxg3
Nf5 15. g4 Ng3 16. g5 Ne4 17. Rf1 Ne7 18. gxh6 Qxh6 19. Qc1 Qf6 20. Nbd4 Ng6
21. Bd3 Re8 22. Re1 Nf4 23. Bf1 Bg4 24. Qe3 Re7 25. Nh2 Bd7 26. g3 Ng6 27. Rad1
Nxg3 28. Qxg3 Rxe1 29. Rxe1 Qxd4 30. Qc7 Bc6 31. c3 Qd2 32. Re3 Qxb2 33. Nf3
Qb1 34. Nd4 Be8 35. Rg3 Ba4 36. Qd6 Re8 37. Nf3 Bb5 38. Nd2 Qe1 39. Rxg6 fxg6
40. Qxd5+ Qe6 41. Bg2 Bc6 0-1

[Event "Mitropa Cup 04th"]
[Site "Bern"]
[Date "1979.10.10"]
[Round "4.3"]
[White "Djuric, Stefan"]
[Black "Hess, Ralf"]
[Result "1-0"]
[WhiteElo "2415"]
[BlackElo "2335"]
[PlyCount "75"]
[EventDate "1979.10.07"]
[EventType "team-tourn"]
[EventRounds "7"]
[EventCountry "SUI"]
[Source "ChessBase"]
[SourceDate "2003.11.25"]
[WhiteTeam "Yugoslavia"]
[BlackTeam "Germany"]
[WhiteTeamCountry "YUG"]
[BlackTeamCountry "GER"]

1. d4 Nf6 2. c4 e6 3. Nc3 Bb4 4. e3 c5 5. Nf3 O-O 6. Be2 Bxc3+ 7. bxc3 b6 8.
O-O Bb7 9. Nd2 Nc6 10. f3 Rc8 11. Nb3 Ba6 12. e4 Ne8 13. Rf2 d6 14. Be3 f5 15.
exf5 exf5 16. Qd2 Qf6 17. f4 cxd4 18. cxd4 Ne7 19. Rc1 Qf7 20. d5 Nf6 21. Rff1
Rfe8 22. Rfe1 Rc7 23. Nd4 Rec8 24. Qb4 Ng4 25. Bd2 Qf6 26. Nf3 Qg6 27. Bf1 Nf6
28. Qxd6 Ne4 29. Qa3 Bb7 30. Bb4 Nc5 31. Bxc5 bxc5 32. Re6 Qf7 33. Ne5 Qf8 34.
d6 Nc6 35. dxc7 Nd4 36. Nd7 Qf7 37. Rd6 Qe7 38. Rxd4 1-0

[Event "Mitropa Cup 04th"]
[Site "Bern"]
[Date "1979.10.10"]
[Round "4.4"]
[White "Dankert, Peter"]
[Black "Messing, Hrvoje"]
[Result "0-1"]
[WhiteElo "2360"]
[BlackElo "2420"]
[PlyCount "52"]
[EventDate "1979.10.07"]
[EventType "team-tourn"]
[EventRounds "7"]
[EventCountry "SUI"]
[Source "ChessBase"]
[SourceDate "2003.11.25"]
[WhiteTeam "Germany"]
[BlackTeam "Yugoslavia"]
[WhiteTeamCountry "GER"]
[BlackTeamCountry "YUG"]

1. e4 e5 2. Nf3 Nc6 3. Bb5 Bc5 4. O-O Qf6 5. c3 Nge7 6. Re1 a6 7. Ba4 h6 8. d4
Ba7 9. Be3 O-O 10. dxe5 Nxe5 11. Nxe5 Qxe5 12. Bd4 Qg5 13. Nd2 d6 14. Re3 Bg4
15. Qe1 c5 16. Bxg7 Kxg7 17. Rg3 f5 18. Bd7 h5 19. exf5 Nxf5 20. Nf3 Qf4 21.
Bxf5 Rae8 22. Qf1 Rxf5 23. h3 c4 24. Nd4 Bxd4 25. cxd4 Qxg3 26. hxg4 Qxg4 0-1

[Event "Mitropa Cup 04th"]
[Site "Bern"]
[Date "1979.10.10"]
[Round "4.3"]
[White "Schauwecker, Meinrad"]
[Black "Feller, Joseph"]
[Result "1-0"]
[WhiteElo "2365"]
[BlackElo "2225"]
[PlyCount "87"]
[EventDate "1979.10.07"]
[EventType "team-tourn"]
[EventRounds "7"]
[EventCountry "SUI"]
[Source "ChessBase"]
[SourceDate "2003.11.25"]
[WhiteTeam "Switzerland"]
[BlackTeam "Luxembourg"]
[WhiteTeamCountry "SUI"]
[BlackTeamCountry "LUX"]

1. d4 Nf6 2. Nf3 g6 3. Bf4 Bg7 4. e3 O-O 5. h3 d5 6. Be2 c5 7. c3 Qb6 8. Qc1
Bf5 9. O-O Nc6 10. Nbd2 Rac8 11. Nb3 Nd7 12. Rd1 Rfd8 13. g4 Be6 14. Ng5 cxd4
15. exd4 Nf8 16. Nxe6 Nxe6 17. Be3 Na5 18. Nxa5 Qxa5 19. Qd2 Nf8 20. Kg2 Nd7
21. a4 Nf6 22. Bf4 Qb6 23. f3 a6 24. Bd3 Ne8 25. Qe2 e6 26. h4 Nd6 27. h5 Nc4
28. Rab1 Re8 29. hxg6 hxg6 30. Re1 Qc6 31. Bxc4 Qxc4 32. Qd2 e5 33. Bxe5 Bxe5
34. Rxe5 Rxe5 35. dxe5 Qxa4 36. Rh1 Qb5 37. Kg3 Qe8 38. Qxd5 Qe7 39. Qd6 Qxd6
40. exd6 Rd8 41. Rd1 Rd7 42. Kf4 f6 43. Ke4 Kf7 44. Kd5 1-0

[Event "Mitropa Cup 04th"]
[Site "Bern"]
[Date "1979.10.11"]
[Round "5.1"]
[White "Hoelzl, Franz"]
[Black "Nikolac, Juraj"]
[Result "0-1"]
[WhiteElo "2425"]
[BlackElo "2450"]
[PlyCount "140"]
[EventDate "1979.10.07"]
[EventType "team-tourn"]
[EventRounds "7"]
[EventCountry "SUI"]
[Source "ChessBase"]
[SourceDate "2003.11.25"]
[WhiteTeam "Austria"]
[BlackTeam "Yugoslavia"]
[WhiteTeamCountry "AUT"]
[BlackTeamCountry "YUG"]

1. e4 c6 2. d4 d5 3. Bd3 dxe4 4. Bxe4 Nf6 5. Bf3 Bf5 6. Nc3 h5 7. Bf4 e6 8. Qd2
Nbd7 9. Nge2 Nb6 10. Ng3 Nc4 11. Qd1 Bg6 12. O-O Bd6 13. Bg5 h4 14. Nge4 Be7
15. Qe2 Nxe4 16. Bxe4 Bxe4 17. Bxe7 Qxe7 18. Nxe4 Nd6 19. Rad1 O-O-O 20. Rfe1
Nf5 21. Qc4 Qc7 22. Rd3 Rd5 23. Nc3 Rd7 24. Qa4 Qb6 25. Ne2 Rd5 26. c4 Ra5 27.
Qc2 Rxa2 28. Rb3 Nxd4 29. Nxd4 Qxd4 30. Rxb7 Kxb7 31. Qb3+ Ka8 32. Qxa2 Rd8 33.
h3 Qb6 34. b3 Rd3 35. Qa3 c5 36. Qa4 Qc7 37. Ra1 Rd7 38. Qb5 Rd8 39. b4 cxb4
40. c5 Rb8 41. Qc4 b3 42. Rb1 b2 43. Qe4+ Qb7 44. c6 Qc7 45. Qc2 Rb6 46. Rxb2
Qxc6 47. Qd2 Qd6 48. Qc3 Qd1+ 49. Kh2 Qd6+ 50. Kg1 Rxb2 51. Qxb2 e5 52. Qc2 a5
53. Qc3 Qd5 54. Qc8+ Ka7 55. Qh8 g5 56. f3 Qd1+ 57. Kh2 Qd6 58. Qe8 f6 59. Qb5
e4+ 60. Kh1 Qe5 61. Qd7+ Kb6 62. fxe4 Kc5 63. Qa4 Qc3 64. Kh2 Kd6 65. Kh1 Ke5
66. Kh2 Kf4 67. Kh1 Kg3 68. Qd1 Kf2 69. Kh2 Qg3+ 70. Kh1 Qxg2# 0-1

[Event "Mitropa Cup 04th"]
[Site "Bern"]
[Date "1979.10.11"]
[Round "5.3"]
[White "Wittmann, Walter"]
[Black "Djuric, Stefan"]
[Result "0-1"]
[WhiteElo "2360"]
[BlackElo "2415"]
[PlyCount "84"]
[EventDate "1979.10.07"]
[EventType "team-tourn"]
[EventRounds "7"]
[EventCountry "SUI"]
[Source "ChessBase"]
[SourceDate "2003.11.25"]
[WhiteTeam "Austria"]
[BlackTeam "Yugoslavia"]
[WhiteTeamCountry "AUT"]
[BlackTeamCountry "YUG"]

1. e4 e5 2. Nf3 Nc6 3. Bb5 a6 4. Ba4 Nf6 5. d4 exd4 6. O-O Be7 7. Re1 O-O 8. e5
Ne8 9. Bf4 b5 10. Bb3 d5 11. c3 Bg4 12. h3 Bh5 13. g4 Bg6 14. cxd4 Na5 15. Bc2
c6 16. Bf5 Nc7 17. Nc3 Ne6 18. Bg3 Nc4 19. b3 Bb4 20. Rc1 Nb6 21. Re3 Nc8 22.
Ne2 Ne7 23. Bh4 Qb6 24. Bxe7 Bxe7 25. Rec3 Rac8 26. Kg2 Rc7 27. h4 h5 28. Bxg6
fxg6 29. gxh5 b4 30. Re3 gxh5 31. Qd3 c5 32. Qg6 Rc6 33. Qxh5 Nxd4 34. Nexd4
Rh6 35. Qg4 cxd4 36. Qxd4 Qxd4 37. Nxd4 Rxh4 38. Rc7 Bd8 39. Nf3 Rxf3 40. Rd7
Rf8 41. Rg3 g5 42. e6 Re4 0-1

[Event "Mitropa Cup 04th"]
[Site "Bern"]
[Date "1979.10.11"]
[Round "5.4"]
[White "Messing, Hrvoje"]
[Black "Janetschek, Karl"]
[Result "1-0"]
[WhiteElo "2420"]
[BlackElo "2320"]
[PlyCount "87"]
[EventDate "1979.10.07"]
[EventType "team-tourn"]
[EventRounds "7"]
[EventCountry "SUI"]
[Source "ChessBase"]
[SourceDate "2003.11.25"]
[WhiteTeam "Yugoslavia"]
[BlackTeam "Austria"]
[WhiteTeamCountry "YUG"]
[BlackTeamCountry "AUT"]

1. e4 e5 2. Nf3 Nc6 3. d4 exd4 4. Nxd4 Bc5 5. Nb3 Bb6 6. a4 Qf6 7. Qe2 a5 8.
Nc3 Nge7 9. Be3 Nb4 10. O-O-O O-O 11. e5 Bxe3+ 12. Qxe3 Qg6 13. Bd3 Nxd3+ 14.
Qxd3 Qg5+ 15. Kb1 d5 16. exd6 cxd6 17. Qxd6 Nc6 18. Ne4 Qh4 19. Nbc5 Bf5 20.
Qg3 Qe7 21. Nd6 Bg6 22. f4 b6 23. Rhe1 Qc7 24. Nce4 Nb4 25. c3 Bxe4+ 26. Nxe4
Na6 27. Rd7 Qc6 28. Rd6 Qxa4 29. Nf6+ Kh8 30. Qh4 h6 31. Nd7 f6 32. Nxf8 Nb4
33. cxb4 axb4 34. Ne6 b3 35. Rd8+ Rxd8 36. Nxd8 Qa2+ 37. Kc1 Qa1+ 38. Kd2 Qxb2+
39. Ke3 Qc3+ 40. Kf2 Qxe1+ 41. Kxe1 b2 42. Qg4 b1=Q+ 43. Kf2 Qb2+ 44. Kg3 1-0

[Event "Mitropa Cup 04th"]
[Site "Bern"]
[Date "1979.10.11"]
[Round "5.1"]
[White "Toth, Bela"]
[Black "Sellos, Didier"]
[Result "1-0"]
[WhiteElo "2470"]
[BlackElo "2360"]
[PlyCount "75"]
[EventDate "1979.10.07"]
[EventType "team-tourn"]
[EventRounds "7"]
[EventCountry "SUI"]
[Source "ChessBase"]
[SourceDate "2003.11.25"]
[WhiteTeam "Italy"]
[BlackTeam "France"]
[WhiteTeamCountry "ITA"]
[BlackTeamCountry "FRA"]

1. d4 Nf6 2. c4 g6 3. Nc3 c5 4. d5 d6 5. e4 Bg7 6. Bf4 O-O 7. Nf3 Nbd7 8. Be2
a6 9. O-O Ne8 10. Re1 Rb8 11. a4 Ne5 12. Nd2 Bd7 13. Bg3 f6 14. f4 Nf7 15. Nf3
Nc7 16. a5 b5 17. axb6 Rxb6 18. Ra2 Qb8 19. Qd2 Bh6 20. h3 Rb4 21. Qc2 Qb6 22.
Bd3 Bg7 23. Re2 e5 24. dxe6 Bxe6 25. Na4 Qc6 26. Be1 Rbb8 27. Nc3 Qb6 28. Kh1
Bc8 29. Nd5 Nxd5 30. cxd5 Bh6 31. Bg3 Re8 32. e5 fxe5 33. fxe5 Bb7 34. e6 Ng5
35. Nxg5 Bxg5 36. Bxg6 Bxd5 37. Bf7+ Kg7 38. Qf5 1-0

[Event "Mitropa Cup 04th"]
[Site "Bern"]
[Date "1979.10.11"]
[Round "5.1"]
[White "Gerusel, Mathias"]
[Black "Hug, Werner"]
[Result "1/2-1/2"]
[WhiteElo "2425"]
[BlackElo "2460"]
[PlyCount "66"]
[EventDate "1979.10.07"]
[EventType "team-tourn"]
[EventRounds "7"]
[EventCountry "SUI"]
[Source "ChessBase"]
[SourceDate "2003.11.25"]
[WhiteTeam "Germany"]
[BlackTeam "Switzerland"]
[WhiteTeamCountry "GER"]
[BlackTeamCountry "SUI"]

1. d4 Nf6 2. c4 d6 3. Nc3 Nbd7 4. g3 e5 5. d5 g6 6. Bg2 Bg7 7. e4 O-O 8. Nge2
Ne8 9. h4 c5 10. Be3 a6 11. a4 Nc7 12. Qd2 b5 13. axb5 Nb6 14. Qd3 Nxc4 15. b6
Nxb6 16. b4 c4 17. Qd2 Rb8 18. h5 Qe7 19. hxg6 hxg6 20. Bh3 Nd7 21. Na4 Nf6 22.
Bxc8 Rbxc8 23. Nb6 Rb8 24. f3 Nd7 25. Nxd7 Qxd7 26. O-O Qb5 27. Rab1 Rb7 28.
Qa2 c3 29. Nxc3 Qd3 30. Qd2 Qxd2 31. Bxd2 Rfb8 32. Rfc1 Rxb4 33. Rxb4 Rxb4
1/2-1/2

[Event "Mitropa Cup 04th"]
[Site "Bern"]
[Date "1979.10.11"]
[Round "5.2"]
[White "Keller, Dieter"]
[Black "Hess, Ralf"]
[Result "1/2-1/2"]
[WhiteElo "2400"]
[BlackElo "2335"]
[PlyCount "85"]
[EventDate "1979.10.07"]
[EventType "team-tourn"]
[EventRounds "7"]
[EventCountry "SUI"]
[Source "ChessBase"]
[SourceDate "2003.11.25"]
[WhiteTeam "Switzerland"]
[BlackTeam "Germany"]
[WhiteTeamCountry "SUI"]
[BlackTeamCountry "GER"]

1. e4 e5 2. Nf3 Nc6 3. Bb5 a6 4. Ba4 Nf6 5. Nc3 b5 6. Bb3 Be7 7. Nd5 d6 8.
Nxf6+ Bxf6 9. Bd5 Bd7 10. c3 O-O 11. O-O Rb8 12. d4 Qe8 13. Re1 Bg4 14. Bxc6
Bxf3 15. Bxe8 Bxd1 16. Bxf7+ Rxf7 17. Rxd1 b4 18. d5 h6 19. Bd2 Bg5 20. Be1 a5
21. cxb4 axb4 22. Rd3 Rb6 23. Rb3 c5 24. dxc6 Rxc6 25. Rxb4 Rc2 26. Rd1 Bc1 27.
Kf1 Bxb2 28. Rd2 Rxd2 29. Bxd2 Bd4 30. f3 Rc7 31. a4 Rc2 32. Ke2 Ra2 33. Rc4
Kf7 34. a5 Ke6 35. Kd3 Kd7 36. f4 Ra3+ 37. Ke2 g6 38. fxe5 Bxe5 39. h3 h5 40.
Be1 Ra2+ 41. Kf3 Ra3+ 42. Ke2 Ra2+ 43. Kf1 1/2-1/2

[Event "Mitropa Cup 04th"]
[Site "Bern"]
[Date "1979.10.11"]
[Round "5.3"]
[White "Dankert, Peter"]
[Black "Schauwecker, Meinrad"]
[Result "1-0"]
[WhiteElo "2360"]
[BlackElo "2365"]
[PlyCount "71"]
[EventDate "1979.10.07"]
[EventType "team-tourn"]
[EventRounds "7"]
[EventCountry "SUI"]
[Source "ChessBase"]
[SourceDate "2003.11.25"]
[WhiteTeam "Germany"]
[BlackTeam "Switzerland"]
[WhiteTeamCountry "GER"]
[BlackTeamCountry "SUI"]

1. e4 e6 2. Nf3 d5 3. Nc3 Nf6 4. e5 Nfd7 5. d4 c5 6. dxc5 Nc6 7. Bf4 Bxc5 8.
Bd3 f6 9. exf6 Qxf6 10. Bg5 Qf7 11. O-O O-O 12. Bh4 Qh5 13. Bg3 a6 14. a3 Nf6
15. b4 Ba7 16. Qd2 Ng4 17. Be2 Qf5 18. Bd3 Qh5 19. Be2 Qf5 20. Rae1 Qf6 21. Bd3
Bd7 22. h3 Nh6 23. Ne5 Nxe5 24. Bxe5 Qh4 25. Nd1 Nf7 26. Bh2 e5 27. c4 Bxh3 28.
gxh3 Ng5 29. Be2 Bd4 30. Qd3 Rf3 31. Bxf3 e4 32. Bxe4 dxe4 33. Qg3 Qh5 34. Kg2
Rf8 35. Qg4 Qh6 36. Rxe4 1-0

[Event "Mitropa Cup 04th"]
[Site "Bern"]
[Date "1979.10.12"]
[Round "6.1"]
[White "Hug, Werner"]
[Black "Hoelzl, Franz"]
[Result "1/2-1/2"]
[WhiteElo "2460"]
[BlackElo "2425"]
[PlyCount "30"]
[EventDate "1979.10.07"]
[EventType "team-tourn"]
[EventRounds "7"]
[EventCountry "SUI"]
[Source "ChessBase"]
[SourceDate "2003.11.25"]
[WhiteTeam "Switzerland"]
[BlackTeam "Austria"]
[WhiteTeamCountry "SUI"]
[BlackTeamCountry "AUT"]

1. g3 d5 2. Bg2 e5 3. d3 Nc6 4. Nf3 g6 5. O-O Bg7 6. Nbd2 Nge7 7. e4 O-O 8. c3
a5 9. a4 h6 10. Re1 Be6 11. Qc2 Re8 12. exd5 Bxd5 13. Nc4 Bxc4 14. dxc4 f5 15.
Be3 Qc8 1/2-1/2

[Event "Mitropa Cup 04th"]
[Site "Bern"]
[Date "1979.10.12"]
[Round "6.2"]
[White "Wittmann, Walter"]
[Black "Keller, Dieter"]
[Result "0-1"]
[WhiteElo "2360"]
[BlackElo "2400"]
[PlyCount "66"]
[EventDate "1979.10.07"]
[EventType "team-tourn"]
[EventRounds "7"]
[EventCountry "SUI"]
[Source "ChessBase"]
[SourceDate "2003.11.25"]
[WhiteTeam "Austria"]
[BlackTeam "Switzerland"]
[WhiteTeamCountry "AUT"]
[BlackTeamCountry "SUI"]

1. e4 e6 2. d4 d5 3. Nd2 a6 4. Ngf3 Nf6 5. Bd3 c5 6. dxc5 Bxc5 7. Qe2 Nc6 8. a3
O-O 9. e5 Ng4 10. O-O f6 11. exf6 Qxf6 12. Nb3 Bb6 13. c4 Nce5 14. Nxe5 Nxe5
15. Be3 d4 16. c5 Nxd3 17. Qxd3 Bc7 18. Bxd4 Qh6 19. f4 Bd7 20. Be5 Bb5 21. Qe4
Bxe5 22. Qxe5 Bxf1 23. Rxf1 Rf5 24. Qc7 Rf7 25. Qe5 Rd8 26. Nd4 Qf6 27. Nxe6
Qxe5 28. fxe5 Rxf1+ 29. Kxf1 Rd1+ 30. Kf2 Rd2+ 31. Ke3 Rxb2 32. Nd8 Kf8 33. Ke4
Ke8 0-1

[Event "Mitropa Cup 04th"]
[Site "Bern"]
[Date "1979.10.12"]
[Round "6.3"]
[White "Schauwecker, Meinrad"]
[Black "Janetschek, Karl"]
[Result "1-0"]
[WhiteElo "2365"]
[BlackElo "2320"]
[PlyCount "55"]
[EventDate "1979.10.07"]
[EventType "team-tourn"]
[EventRounds "7"]
[EventCountry "SUI"]
[Source "ChessBase"]
[SourceDate "2003.11.25"]
[WhiteTeam "Switzerland"]
[BlackTeam "Austria"]
[WhiteTeamCountry "SUI"]
[BlackTeamCountry "AUT"]

1. d4 d5 2. c4 e6 3. Nc3 Nf6 4. Bg5 Be7 5. e3 O-O 6. cxd5 exd5 7. Bd3 c6 8. Qc2
Nbd7 9. Nge2 Re8 10. O-O Nf8 11. Rab1 Ne4 12. Bxe7 Qxe7 13. Bxe4 dxe4 14. b4 b6
15. b5 Bb7 16. bxc6 Bxc6 17. Qb3 Rad8 18. Rfd1 Rd6 19. Ng3 Qd8 20. d5 Bb7 21.
Rd4 Re5 22. Rbd1 f5 23. Nb5 Rh6 24. Nxa7 Nd7 25. Nc6 Qh4 26. h3 Rd6 27. Nxe5
Nxe5 28. Qb5 1-0

[Event "Mitropa Cup 04th"]
[Site "Bern"]
[Date "1979.10.12"]
[Round "6.3"]
[White "Feller, Joseph"]
[Black "Dankert, Peter"]
[Result "1-0"]
[WhiteElo "2225"]
[BlackElo "2360"]
[PlyCount "147"]
[EventDate "1979.10.07"]
[EventType "team-tourn"]
[EventRounds "7"]
[EventCountry "SUI"]
[Source "ChessBase"]
[SourceDate "2003.11.25"]
[WhiteTeam "Luxembourg"]
[BlackTeam "Germany"]
[WhiteTeamCountry "LUX"]
[BlackTeamCountry "GER"]

1. e4 Nf6 2. e5 Nd5 3. Nc3 e6 4. d4 d6 5. Nf3 Nxc3 6. bxc3 Be7 7. Bd3 b6 8. O-O
Bb7 9. Re1 Nd7 10. Bf4 dxe5 11. Nxe5 Nxe5 12. Bxe5 Bf6 13. Qg4 Bxe5 14. Rxe5
Qf6 15. Rae1 O-O 16. R1e3 g6 17. h4 Rad8 18. h5 Qg7 19. hxg6 hxg6 20. Rg3 Bc8
21. Qf4 c5 22. dxc5 bxc5 23. Rxc5 Rd5 24. Rc7 Bd7 25. Qh4 Rb8 26. Rxa7 Kf8 27.
Rg5 e5 28. f3 Qf6 29. Ra6 Rb1+ 30. Kf2 Rb6 31. Qb4+ Rxb4 32. Rxf6 Rb2 33. Ke3
Rc5 34. Ra6 Be6 35. Kd2 Ke7 36. f4 Bf5 37. Bxf5 exf4 38. Ra4 Kf6 39. Rg4 Rxf5
40. Rgxf4 Rb1 41. g4 Rxf4 42. Rxf4+ Ke6 43. a4 f5 44. gxf5+ gxf5 45. Rb4 Ra1
46. Rb6+ Ke5 47. Ra6 f4 48. Ra8 f3 49. Ke3 Ra3 50. Re8+ Kf5 51. Rf8+ Kg4 52.
Rf4+ Kg5 53. Rc4 Ra2 54. Kxf3 Kf5 55. Ke3 Rxc2 56. Kd4 Ke6 57. Kc5 Rb2 58. Rd4
Ra2 59. Kc6 Ke7 60. Kc7 Ke6 61. Kb7 Ra3 62. Rb4 Rxc3 63. a5 Kd6 64. a6 Rc7+ 65.
Kb8 Rh7 66. a7 Kc5 67. Rb1 Rh8+ 68. Kb7 Rh7+ 69. Ka6 Rh6+ 70. Ka5 Rh2 71. Rc1+
Kd6 72. Rc4 Rh8 73. Kb6 Kd5 74. Ra4 1-0

[Event "Mitropa Cup 04th"]
[Site "Bern"]
[Date "1979.10.12"]
[Round "6.1"]
[White "Nikolac, Juraj"]
[Black "Toth, Bela"]
[Result "0-1"]
[WhiteElo "2450"]
[BlackElo "2470"]
[PlyCount "112"]
[EventDate "1979.10.07"]
[EventType "team-tourn"]
[EventRounds "7"]
[EventCountry "SUI"]
[Source "ChessBase"]
[SourceDate "2003.11.25"]
[WhiteTeam "Yugoslavia"]
[BlackTeam "Italy"]
[WhiteTeamCountry "YUG"]
[BlackTeamCountry "ITA"]

1. b3 e5 2. Bb2 Nc6 3. e3 d5 4. Bb5 Bd6 5. Nf3 Qe7 6. d4 exd4 7. Nxd4 Bd7 8.
Qf3 Bb4+ 9. Nd2 Nf6 10. O-O-O Ba3 11. Qf4 O-O 12. Nf5 Bxf5 13. Qxf5 Ne5 14. Nf3
Neg4 15. Rhf1 c6 16. Bd3 Rfe8 17. h3 Nh6 18. Qf4 Ne4 19. Bxe4 dxe4 20. Nd4 a5
21. Bxa3 Qxa3+ 22. Kb1 a4 23. Rd2 c5 24. Ne2 c4 25. Qd6 axb3 26. Qxa3 Rxa3 27.
cxb3 cxb3 28. Nd4 Rxa2 29. Rxa2 bxa2+ 30. Kxa2 g6 31. Rc1 Re7 32. Kb3 Kg7 33.
Rc8 Ng8 34. Kc4 Nf6 35. Kc5 h5 36. g3 h4 37. g4 Rd7 38. Kc4 Nh7 39. Rc5 Kh6 40.
f4 exf3 41. Nxf3 Rd1 42. Nxh4 Ng5 43. Rb5 Rd7 44. Rb6 Kg7 45. Rb5 Nxh3 46. Nf3
Nf2 47. g5 Re7 48. Rb3 Ne4 49. Kd5 Ng3 50. Nd4 Nf5 51. Nxf5+ gxf5 52. Rb6 Rxe3
53. Rxb7 Kg6 54. Kd4 f4 55. Ra7 Re1 56. Kd3 f3 0-1